Thermal agents in rehabilitation / (Record no. 914)

000 -LEADER
fixed length control field 01361nam a22004097a 4500
001 - CONTROL NUMBER
control field 3413766
003 - CONTROL NUMBER IDENTIFIER
control field OSt
005 - DATE AND TIME OF LATEST TRANSACTION
control field 20210426103651.0
008 - FIXED-LENGTH DATA ELEMENTS--GENERAL INFORMATION
fixed length control field 900405s1990 paua b 001 0 eng c
010 ## - LIBRARY OF CONGRESS CONTROL NUMBER
LC control number 90003286
020 ## - INTERNATIONAL STANDARD BOOK NUMBER
International Standard Book Number 0803661657
040 ## - CATALOGING SOURCE
Original cataloging agency DNLM/DLC
Transcribing agency DLC
Modifying agency DLC
Language of cataloging eng
041 ## - LANGUAGE CODE
Language code of text/sound track or separate title eng
050 00 - LIBRARY OF CONGRESS CALL NUMBER
Classification number RM865
Item number .T47 1990
060 ## - NATIONAL LIBRARY OF MEDICINE CALL NUMBER
Classification number W1 C0769NS v. 6
-- WB 469 T411
080 ## - UNIVERSAL DECIMAL CLASSIFICATION NUMBER
Universal Decimal Classification number 615.825
Item number M-65
082 00 - DEWEY DECIMAL CLASSIFICATION NUMBER
Classification number 615.8/32
Edition number 20
245 00 - TITLE STATEMENT
Title Thermal agents in rehabilitation /
Statement of responsibility, etc. Susan L. Michlovitz, editor.
Remainder of title / by: F. A. Davis Company
250 ## - EDITION STATEMENT
Edition statement 2nd edition
260 ## - PUBLICATION, DISTRIBUTION, ETC.
Place of publication, distribution, etc. Philadelphia
Name of publisher, distributor, etc. F. A. Davis Company
Date of publication, distribution, etc. c1990.
300 ## - PHYSICAL DESCRIPTION
Extent xxiii, 300 p.
Other physical details ill.
Dimensions 27 cm.
440 #0 - SERIES STATEMENT/ADDED ENTRY--TITLE
Title Contemporary perspectives in rehabilitation ;
Volume/sequential designation v. 6
504 ## - BIBLIOGRAPHY, ETC. NOTE
Bibliography, etc. note Includes bibliographical references and index.
650 #0 - SUBJECT ADDED ENTRY--TOPICAL TERM
Topical term or geographic name entry element Thermotherapy.
650 #0 - SUBJECT ADDED ENTRY--TOPICAL TERM
Topical term or geographic name entry element Physical Medicine
9 (RLIN) 673
650 #0 - SUBJECT ADDED ENTRY--TOPICAL TERM
Topical term or geographic name entry element Cold
General subdivision Therapeutic use.
650 #0 - SUBJECT ADDED ENTRY--TOPICAL TERM
Topical term or geographic name entry element Physical therapy.
650 #2 - SUBJECT ADDED ENTRY--TOPICAL TERM
Topical term or geographic name entry element Cold
General subdivision therapeutic use.
650 #2 - SUBJECT ADDED ENTRY--TOPICAL TERM
Topical term or geographic name entry element Heat
General subdivision therapeutic use.
650 #2 - SUBJECT ADDED ENTRY--TOPICAL TERM
Topical term or geographic name entry element Physical Therapy
General subdivision methods.
653 ## - INDEX TERM--UNCONTROLLED
Uncontrolled term ფიზიკური მედიცინა
653 ## - INDEX TERM--UNCONTROLLED
Uncontrolled term თერმოთერაპია
653 ## - INDEX TERM--UNCONTROLLED
Uncontrolled term ფიზიკური თერაპია
700 1# - ADDED ENTRY--PERSONAL NAME
Personal name Michlovitz, Susan L.
906 ## - LOCAL DATA ELEMENT F, LDF (RLIN)
a 7
b cbc
c orignew
d 1
e ocip
f 19
g y-gencatlg
942 ## - ADDED ENTRY ELEMENTS (KOHA)
Source of classification or shelving scheme
Koha item type Books
Edition 2
Holdings
Withdrawn status Lost status Source of classification or shelving scheme Damaged status Not for loan Permanent location Current location Date acquired Inventory number Total Checkouts Full call number Barcode Date last seen Price effective from Koha item type
          Ken Walker International University Ken Walker International University 01/21/2021 2316   615.825 M-65 2316 01/21/2021 01/21/2021 Books

Powered by Koha